LA SECULARIZACION DE LA FILOSOFIA: HERMENEUTICA Y POSMODERNIDAD/

Gespeichert in:
Bibliographische Detailangaben
Weitere Verfasser: Vattimo, Gianni, (compilación) (compilación)
Format: Buch
Schlagworte:
Tags: Tag hinzufügen
Keine Tags, Fügen Sie das erste Tag hinzu!

MARC

LEADER 00000nam^a2200000^a^4500
001 000219074
005 20250521000000.0
009 20260310103805.972
020 |a 84-7432-444-0 
035 |a 039973 
037 |a Acervo Xavier Clavigero 
082 |a 100.  |b SEC 
245 1 3 |a LA SECULARIZACION DE LA FILOSOFIA:  |b HERMENEUTICA Y POSMODERNIDAD/  |c COMP. GIANNI VATTIMO 
264 |a BARCELONA :  |b GEDISA,  |c 1992 
300 |a 296p. 
336 |a texto  |b txt  |2 rdacontenido 
337 |a sin mediación  |b n  |2 rdamedio 
338 |a volumen  |b nc  |2 rdasoporte 
649 |a XX 
650 |a Filosofía 
650 |a Modernidad y Posmodernidad 
700 |a Vattimo, Gianni,  |e (compilación) 
910 |a Fondo General 
920 |a Impresos - Libros 
930 |a Colección General 
905 |a 101 
901 |a 039973  |b IT1  |c ACC  |i 039973  |u 20250521 
902 |a https://opac.biblio.iteso.mx/vufind/Record/000219074